|
|
|
|
| LEADER |
01019nam a2200289 a 4500 |
| 001 |
4779 |
| 003 |
BD-DhAAL |
| 005 |
20150812101235.0 |
| 008 |
150812s2001 nyuab d 000 0 eng |
| 010 |
|
|
|a 2001045172
|
| 020 |
|
|
|a 019511227X
|
| 035 |
|
|
|a 2695335
|
| 040 |
|
|
|a DLC
|b eng
|c DLC
|d DLC
|d BD-DhAAL
|
| 050 |
0 |
0 |
|a PE1628
|b .N429 2001
|
| 082 |
0 |
0 |
|a 423
|2 21
|
| 245 |
0 |
4 |
|a The new Oxford American dictionary /
|c edited by Frank Abate, Elizabeth J. Jewell.
|
| 260 |
|
|
|a New York :
|b Oxford University Press,
|c 2001.
|
| 300 |
|
|
|a xxxvii, 2023 p. :
|b ill., maps ;
|c 29 cm.
|
| 541 |
|
|
|e 4779
|
| 650 |
|
0 |
|a English language
|v Dictionaries.
|9 13666
|
| 650 |
|
0 |
|a English language
|z United States
|v Dictionaries.
|9 13667
|
| 650 |
|
0 |
|a Americanisms
|v Dictionaries.
|9 13668
|
| 700 |
1 |
|
|a Abate, Frank R.
|9 13669
|
| 700 |
1 |
|
|a Jewell, Elizabeth.
|9 13670
|
| 942 |
|
|
|2 ddc
|c BK
|
| 999 |
|
|
|c 35205
|d 35205
|
| 952 |
|
|
|0 0
|1 0
|2 ddc
|4 0
|6 423_000000000000000_NEW
|7 0
|9 55194
|a SCL
|b SCL
|c GEN
|d 2015-08-12
|l 0
|o 423 NEW
|p 3020004779
|r 2015-08-12
|t 1
|w 2015-08-12
|y BK
|